000 00248nam a2200109Ia 4500
008 240521s2007 xx 000 0 und d
041 _aeng
100 _aBONO E.DE
245 _aSIX THINKING HATS
260 _bPENGUIN BOOKS
_c2007
300 _a177
999 _c1160235
_d1160235